| 000 | 02816nam0a2200433 4500 | ||
|---|---|---|---|
| 001 | RU\NLR\BIBL_A\011267381 | ||
| 005 | 20250626034413.0 | ||
| 020 |
_aRU _9От Февраля к Октябрю: коллекция листовок/Рос. нац. б-ка |
||
| 035 | _a(NLR Aleph) 011267381 | ||
| 090 |
_a10804623 _c10804623 |
||
| 100 | _a20161110j19170707|||y0rusy50 ca | ||
| 101 | 0 | _arus | |
| 102 | _aRU | ||
| 105 | _ay z 000yy | ||
| 135 | _acrcn 024apada | ||
| 135 | _acrcn 024apada | ||
| 200 | 1 |
_aОбращение. В последнее время на водных путях Севера участились случаи бесчинства и самоуправства над состоящими на учете судовыми командами ... _e[листовка] _fСоветы рабочих, солдатских и крестьянских депутатов Архангельской губернии |
|
| 210 |
_aАрхангельск [Архангельская губ.] _cГубернская типография _d1917, 7 июля |
||
| 215 |
_a[1] л. в 2 стб. _d38х19 |
||
| 300 | _aПодписи: Арханг. совет рабочих и солдатских депутатов. Арханг. губернск. совет крестьянских депутатов | ||
| 300 | _aКоллекция листовок "От Февраля к Октябрю" (1 экз.) | ||
| 325 | 1 | _aКопия доступна в Электронной библиотеке РНБ | |
| 327 | 1 | _aО содействии судоходства на реках Севера | |
| 517 | 1 | _aВ последнее время на водных путях Севера участились случаи бесчинства и самоуправства над стоящими на учете судовыми командами ... | |
| 540 | 1 | _aО содействии судоходства на реках Севера | |
| 540 | 1 |
_aОт Февраля к Октябрю _eлистовки |
|
| 607 |
_aРоссия _jЛистовки _xИстория _z1917 _92250871 _3RU\NLR\AUTH\661350120 |
||
| 686 | 0 | _aТ3(2)524.2,011 | |
| 686 | 0 | _aТ3(2Р-4Арх-2А)711.1,011 | |
| 711 | 0 | 2 |
_aАрхангельский Совет рабочих и солдатских депутатов _9534661 _3RU\NLR\AUTH\880435141 |
| 711 | 0 | 2 |
_aАрхангельский губернский Совет крестьянских депутатов _9383274 _3RU\NLR\AUTH\880357877 |
| 852 | 0 | 0 |
_aNLR _bФл _jXII/94 |
| 942 | _cBOOK | ||
| 980 | _aNB | ||
| 981 | 4 | 2 |
_a(42) 1917: от Февраля к Октябрю _b(42) Листовки 1917 года |